=LDR 00000nam 2200000 4500 =001 INLIS000000000017605 =005 20130612112821 =008 ***********************************Ind** =035 ##$$0010-061300000017605 =041 ##$$a Ind =082 ##$$a 615.321 =090 ##$$a 615.321, Sya p =100 ##$$a Syabana, Dripa =245 ##$$a Pesona tradisional dan ilmiah mengkudu morienda citrafalia, oleh Dr. Dripa Syabana, Ramadhani Rusdi Bahalawan =260 ##$$a 2002 $b Jakarta =300 ##$$a x, 64 hlm, ilus, 21 cm =650 ##$$a Herbas Mengkudu =850 ##$$a NBPNMAT